|
|
|
|
| LEADER |
00651nam a2200253 a 4500 |
| 001 |
adlib96000001 |
| 003 |
ViArRB |
| 005 |
20151026131507.0 |
| 008 |
960221s1955 dcuabcdjdbkoqu001 0deng d |
| 020 |
|
|
|
| 022 |
|
|
|
| 040 |
|
|
|a Adlib
|
| 082 |
|
|
|a 294.51.8G=M
|
| 245 |
|
|
|a Srimad Bhagavadgita
|
| 250 |
|
|
|
| 260 |
|
|
|a Travancore
|b university of Travaancore
|c 1948
|
| 300 |
|
|
|a 583 p.
|
| 500 |
|
|
|a
|
| 100 |
|
|
|a Sesadriayyar P
|
| 700 |
|
|
|
| 942 |
|
|
|c BK
|6 _
|
| 653 |
|
|
|a Essays- Malayalam Literature
|
| 999 |
|
|
|c 29269
|d 29269
|
| 952 |
|
|
|0 0
|1 0
|4 0
|6 SES_294518GM
|7 0
|9 40894
|a UL
|b UL
|d 2010-06-16
|o SES 294.51.8G=M
|p H0000330
|r 2010-06-16
|w 2010-06-16
|y BK
|